000 00675nam a2200253Ia 4500
003 OSt
005 20221005093231.0
006 a|||||r|||| 00| 0
007 ta
008 221004b |||||||| |||| 00| 0 eng d
020 _a0670548332 (hbk)
024 _a80792
037 _bGift, 01/01/2005,
_cTextual
040 _aCRL
_cCRL
_beng
041 _2eng
_aeng
082 _aV5y7M74, M0
100 _aBerlin Isaiah
245 0 _aPersonal impressions
260 _aNew York
_bViking Press USA
_c1980
300 _a219p.
_ccm.
650 _aHISTORY
942 _hV5y7M74, M0
_cTEXL
_2cc
999 _c1000026
_d1000026